German made simple (Record no. 122405)
[ view plain ]
| 000 -LEADER | |
|---|---|
| fixed length control field | 00648nam a22001817a 4500 |
| 008 - FIXED-LENGTH DATA ELEMENTS--GENERAL INFORMATION | |
| fixed length control field | 150311b xxu||||| |||| 00| 0 eng d |
| 020 ## - INTERNATIONAL STANDARD BOOK NUMBER | |
| International Standard Book Number | 9780385199117 |
| 050 ## - LIBRARY OF CONGRESS CALL NUMBER | |
| Classification number | PF3112.5.J3 1985 |
| 100 ## - MAIN ENTRY--PERSONAL NAME | |
| Personal name | Jackson, Eugene |
| 9 (RLIN) | 16210 |
| 245 ## - TITLE STATEMENT | |
| Title | German made simple |
| Remainder of title | revised edition |
| Statement of responsibility, etc | /by Eugene Jackson and Adolph Geiger |
| 260 ## - PUBLICATION, DISTRIBUTION, ETC. (IMPRINT) | |
| Place of publication, distribution, etc | New York |
| Name of publisher, distributor, etc | Doubleday |
| Date of publication, distribution, etc | 1985 |
| 300 ## - PHYSICAL DESCRIPTION | |
| Extent | 190p. ; |
| Dimensions | 26cm. |
| 650 ## - SUBJECT ADDED ENTRY--TOPICAL TERM | |
| Topical term or geographic name as entry element | German language |
| General subdivision | Self-instruction |
| 9 (RLIN) | 16211 |
| 650 ## - SUBJECT ADDED ENTRY--TOPICAL TERM | |
| Topical term or geographic name as entry element | German language |
| General subdivision | Grammar |
| Chronological subdivision | 1950 |
| 9 (RLIN) | 16212 |
| 650 ## - SUBJECT ADDED ENTRY--TOPICAL TERM | |
| Topical term or geographic name as entry element | German language |
| General subdivision | Conversation and phrase books |
| -- | English |
| 9 (RLIN) | 16213 |
| 700 ## - ADDED ENTRY--PERSONAL NAME | |
| Personal name | Vanderslice, Robert D (ed.) |
| 9 (RLIN) | 16214 |
| 942 ## - ADDED ENTRY ELEMENTS (KOHA) | |
| Source of classification or shelving scheme | Library of Congress Classification |
| Item type | Monograph ( Printed materials) |
| Withdrawn status | Lost status | Source of classification or shelving scheme | Damaged status | Not for loan | Collection code | Home library | Current library | Shelving location | Date acquired | Total Checkouts | Full call number | Barcode | Date last seen | Price effective from | Koha item type |
|---|---|---|---|---|---|---|---|---|---|---|---|---|---|---|---|
| Library of Congress Classification | Main Collection | ARRUPE LIBRARY | ARRUPE LIBRARY | Main Collection | 11/03/2015 | PF3112.5.J3 1985 | 46500002758 | 27/02/2019 | 11/03/2015 | Monograph ( Printed materials) |